Hunting as practised in Arab countries of the Middle Ages /
Saved in:
Main Author:
Format: Book
Language: English
Published:
Cairo :
Government Press,
1937.
Subjects:
Tags: Add Tag
No Tags, Be the first to tag this record!
Call Number: ( P )SK247 .H37 1937
| LEADER | 00832nam a2200229Ia 4500 | ||
|---|---|---|---|
| 003 | OSt | ||
| 005 | 20240709122643.0 | ||
| 008 | 930408s1937 ua af b 000 0 eng d | ||
| 952 | |0 0 |1 0 |2 lcc |4 0 |7 1 |9 43855 |a ARCE |b ARCE |d 2022-11-24 |l 0 |o ( P )SK247 .H37 1937 |p 1018939 |r 2022-11-24 00:00:00 |w 2022-11-24 |y BK | ||
| 999 | |c 50312 |d 50312 | ||
| 040 | |c ARCE Library | ||
| 050 | 4 | |a ( P )SK247 .H37 1937 | |
| 100 | 1 | |a Hassan, Zaky M. | |
| 245 | 1 | 0 | |a Hunting as practised in Arab countries of the Middle Ages / |c by Zaky M. Hassan. |
| 264 | 1 | |a Cairo : |b Government Press, |c 1937. | |
| 300 | |a 15 [i.e. 16] p., 11 leaves of plates : |b ill. ; |c 19 cm. | ||
| 504 | |a Includes bibliographical references (p. [16]). | ||
| 650 | 0 | |a Hunting -- Arab countries. | |
| 650 | 0 | |a Hunting in art. | |
| 650 | 0 | |a Pottery, Iranian. | |
| 901 | |a reviewed | ||
| 942 | |2 lcc |c BK | ||
